000 00925nam a2200217 a 4500
003 AM-YEHGA
005 20250618080056.0
008 201005s2020 ai o|||gr|||||000|p|arm||
020 _a9789939703619
040 _aAM-YeHGA
041 0 _aarm
100 1 _aՄարգարյան, Սամվել Սիրեկանի
_98830
245 1 0 _aՏիեզերական սեր :
_bԲանաստեղծություններ /
_cՍ.Ս. Մարգարյան ; Առաջաբան՝ Ս. Հայրապետյան, Թ. Մելիքյան ; [Խմբագիր՝ Գ. Մկրտչյան].
260 _aԵրևան :
_b«Վան Արյան»,
_c2020.
300 _a166 էջ :
_bլուսանկարներ ;
_c20 սմ.
500 _aԳրքի շապիկի նկարները՝ Սամվել Լաճիկյանի («Երկնային սեր») և Վալմարի («Սիրո երգը»):
650 1 4 _aՀայ պոեզիա
942 _2udc
_cBK
001 1708515
090 _c532335
999 _c525132
_d525132